[Event "Saint Louis Invitational-B 2019"]
[Site "Saint Louis"]
[Date "2019.11.24"]
[Round "7.2"]
[White "Gauri, Shankar"]
[Black "Stearman, Josiah"]
[Result "1-0"]
[WhiteElo "2340"]
[BlackElo "2341"]
[Annotator "TA"]
[PlyCount "133"]
[EventDate "2019.11.21"]
[EventType "tourn"]
[EventCountry "USA"]
[SourceTitle "playchess.com"]
[Source "ChessBase"]
[SourceQuality "1"]

{[%evp 9,165,-19,8,0,0,0,30,33,25,-20,0,0,16,4,9,13,13,12,81,73,82,85,83,84,156,147,193,149,146,122,143,141,190,185,170,178,207,207,198,204,211,173,294,291,455,231,210,213,227,231,238,223,344,342,317,321,341,172,166,108,102,70,72,18,55,32,83,80,151,-51,149,160,158,125,116,12,87,87,87,22,562,566,566,544,544,483,544,475,544,537,475,475,475,475,591,365,419,412,361,335,313,306,609,291,291,291,291,291,599,516,419,373,591,551,592,584,558,470,996,870,424,373,29950,313,198,0,29954,29955,29955,29957,29950,5531,5069,0,1191,8,8,8,8,8,8,8,8,8,8,8,29978,29979,29980,29981,29982,29983,29983,29984,29987,29988,29997,5535]} 1. Nf3 d5 2. g3 Nf6 3. Bg2 c6 4. c4 dxc4 5. Qc2 Qd5 6. Nh4 {A11: English Opening: 1...c6} (6. Nc3 Qf5 7. e4 Qa5 8. e5 Nd5 9. O-O e6 10. d4 cxd3 11. Qxd3 Nd7 12. Bd2 Qb6 13. Qc2 Be7 {0-1 (54) Boger,R (2608)-Plomp,M (2577) ICCF corr 2004}) 6... Qd4 7. Na3 e5 8. Nf3 {White has an edge.} Qd5 9. Qxc4 (9. Nxc4 {looks sharper.} e4 10. Ne3 Qc5 11. Qxc5 Bxc5 12. Ng5) 9... Bxa3 10. Qxd5 cxd5 11. bxa3 Nc6 $146 ({Predecessor:} 11... e4 12. Nd4 Nc6 13. Bb2 O-O 14. O-O Nh5 15. Rac1 Nxd4 16. Bxd4 b6 17. Rc7 Ba6 {½-½ (15) Pfeiffer,M-Riess,J Germany 1991}) 12. Bb2 d4 13. e3 {[%cal Re3d4]} Bg4 (13... O-O $11 {keeps the balance.}) 14. exd4 $16 Bxf3 15. Bxf3 e4 16. d5 $36 {[%mdl 2048] White has strong initiative.} Nxd5 ({Better is} 16... exf3 17. dxc6 bxc6) 17. Bxe4 O-O-O 18. O-O (18. Bxg7 Rhe8 $17) 18... f6 19. Rac1 Kc7 20. d3 Rhe8 21. Rc5 Nb6 22. Bc1 g6 23. Bf4+ Kd7 24. Rb1 f5 25. Bf3 Rc8 (25... Nd4 {was called for.}) 26. Kg2 $18 Nd4 {[#]} (26... Ke7 $142 27. a4 Kf6) 27. Rxc8 (27. Rxb6 $142 $1 {[%mdl 512]} Rxc5 (27... axb6 28. Rd5+) 28. Rd6+ {[%mdl 64] Double Attack} (28. Rxb7+ Ke6 $16) 28... Kc8 29. Rxd4) 27... Rxc8 28. Bxb7 Rc3 29. a4 {aiming for a5.} Ra3 30. Rc1 $1 Rxa4 (30... Kd8 $142 31. Be5 Rxa4) 31. Rc7+ Ke6 32. Rxh7 Rxa2 33. Be3 (33. Bg5 $142) 33... Nc2 34. Bg5 (34. Bd2 $18) 34... Ne1+ $16 35. Kf1 Nxd3 36. Be3 ({White should play} 36. Rg7 $16) 36... Ne5 37. h4 Ng4 (37... Rc2 $14) 38. Bc5 Rc2 (38... Ne5 $142) 39. Re7+ $1 Kf6 40. Rc7 {Black must now prevent Bd4+.} Nc4 41. Bd4+ Ke6 {[#] Strongly threatening ...Nd2+.} 42. Rg7 (42. Rc6+ $1 $16 Kd5 43. Bxa7 Nd2+ 44. Ke2 Rxc6 45. Bxc6+ (45. Kxd2 Ne5 $16) 45... Kxc6 46. Kxd2) 42... Nge5 (42... Nce5 $11) 43. Bxa7 Nd6 44. Bd4 ({White should try} 44. Ba6 $16) 44... Kf6 $2 {[%mdl 8192]} (44... f4 $11 {and Black is okay.}) 45. f4 $18 {[%mdl 64] Pin} Kxg7 46. Bxe5+ Kh6 47. Bxd6 {[%mdl 4096] Endgame} Rc3 48. Kg2 Rc2+ 49. Kh3 Rc3 50. Bf8+ Kh7 51. Bg2 Rd3 52. Be7 Kh6 53. Bg5+ Kh5 {intending ...Rxg3+.} 54. Bf6 Kh6 55. Bf1 Ra3 $2 (55... Re3 56. Be5 Ra3) 56. Bg5+ Kg7 57. Kg2 Rc3 58. Be2 Kf7 $2 (58... Ra3 59. Kf2 Ra2) 59. h5 Rc2 60. Kf1 Rc1+ (60... gxh5 $142 61. Bxh5+ Ke6) 61. Kf2 Rc2 62. hxg6+ Kxg6 63. Ke3 Rc3+ {[#]} (63... Rc5 $142 64. Bd3 Kf7) 64. Bd3 $1 Kh5 {[#]} 65. Kd4 $1 Rb3 $2 (65... Ra3 $18 66. Be7 Ra7 67. Be2+ (67. Bxf5 Rxe7 68. Kd3 Re1 $11) 67... Kg6) 66. Be2+ $2 (66. Bh4 {mates} Kg4 67. Be2+ Kh3 68. Bf1+ Kg4 69. Ke5 Re3+ 70. Kf6 Re8 71. Bb5 Rf8+ 72. Ke5) 66... Kg6 67. Bh4 {Played: Be2-d3} 1-0

[Event "Saint Louis Invitational-B 2019"]
[Site "Saint Louis"]
[Date "2019.11.24"]
[Round "7.3"]
[White "Arias Santana, Mauricio"]
[Black "Torres Rosas, Luis Carlos"]
[Result "1/2-1/2"]
[WhiteElo "2292"]
[BlackElo "2360"]
[Annotator "TA"]
[PlyCount "26"]
[EventDate "2019.11.21"]
[EventType "tourn"]
[EventCountry "USA"]
[SourceTitle "playchess.com"]
[Source "ChessBase"]
[SourceQuality "1"]

{[%evp 15,26,22,20,15,20,18,18,25,35,13,37,42,51]} 1. Nf3 Nf6 2. c4 g6 3. b4 Bg7 4. Bb2 O-O 5. g3 d6 6. Bg2 e5 7. d3 Nbd7 8. O-O Re8 9. Nbd2 {A15: English Opening: 1...Nf6} c6 10. Qc2 (10. a4 d5 11. Ne1 h5 12. Nc2 h4 13. cxd5 cxd5 14. e4 hxg3 15. hxg3 d4 16. a5 Nf8 17. Nc4 {1-0 (42) Haub,T (2397)-Kanarek,M (2525) Belgium 2017}) 10... Qe7 11. e3 Nh5 $146 ({Predecessor:} 11... Nf8 12. Rfc1 Nh5 13. d4 e4 14. Ne1 f5 15. d5 Nf6 16. dxc6 bxc6 17. c5 {½-½ (57) Czapski,R (1817)-Wruck,W (1935) Chojnice 2006}) 12. e4 Nhf6 13. d4 exd4 1/2-1/2

[Event "Saint Louis Invitational-B 2019"]
[Site "Saint Louis"]
[Date "2019.11.24"]
[Round "7.4"]
[White "Grabinsky, Aaron"]
[Black "Kiewra, Keaton"]
[Result "1-0"]
[WhiteElo "2338"]
[BlackElo "2372"]
[Annotator "RC"]
[PlyCount "177"]
[EventDate "2019.11.21"]
[EventType "tourn"]
[EventCountry "USA"]
[SourceTitle "playchess.com"]
[Source "ChessBase"]
[SourceQuality "1"]
[TimeControl "5400+30"]

1. b3 {[%emt 0:00:00]} e5 {[%emt 0:01:27]} 2. Bb2 {[%emt 0:00:00]} Nc6 {[%emt 0:00:15]} 3. e3 {[%emt 0:00:14]} Nf6 {[%emt 0:00:28]} 4. Nf3 {[%emt 0:00:23]} e4 {[%emt 0:12:30]} 5. Nd4 {[%emt 0:00:07]} Bc5 {[%emt 0:00:40]} 6. Nxc6 {[%emt 0:00:34]} dxc6 {[%emt 0:00:37]} 7. d3 {[%emt 0:02:33]} Bf5 {[%emt 0:03:40]} 8. Be2 {[%emt 0:01:21]} Qe7 {[%emt 0:01:55]} 9. d4 {[%emt 0:02:25]} O-O-O {[%emt 0:02:00]} 10. a3 {[%emt 0:01:05]} h5 {[%emt 0:03:07]} 11. b4 {[%emt 0:02:16]} Bd6 {[%emt 0:01:34]} 12. h3 {[%emt 0:03:05]} Rh6 {[%emt 0:03:28]} 13. c4 {[%emt 0:01:32]} Qe6 {[%emt 0:00:48]} 14. Qa4 {[%emt 0:02:34]} Kb8 {[%emt 0:02:58]} 15. Nc3 {[%emt 0:00:19]} Rg6 {[%emt 0:06:03]} 16. Bf1 {[%emt 0:00:52]} Be7 {[%emt 0:02:27]} 17. O-O-O {[%emt 0:01:20]} a6 {[%emt 0:10:22]} 18. Kb1 {[%emt 0:01:36]} Nd7 {[%emt 0:04:37]} 19. Qb3 {[%emt 0:08:35]} b5 {[%emt 0:07:56]} 20. d5 {[%emt 0:06:50]} cxd5 {[%emt 0:00:35]} 21. cxb5 {[%emt 0:10:15]} Ne5 {[%emt 0:07:06]} 22. Ne2 {[%emt 0:06:15]} Nd3 {[%emt 0:03:43]} 23. Nd4 {[%emt 0:01:30]} Qd7 {[%emt 0:00:06]} 24. Nc6+ {[%emt 0:01:53]} Rxc6 {[%emt 0:00:15]} 25. bxc6 {[%emt 0:00:05]} Qxc6 {[%emt 0:00:07]} 26. Bxd3 {[%emt 0:01:49]} exd3 {[%emt 0:00:07]} 27. Rd2 {[%emt 0:03:20]} Qc4 {[%emt 0:04:46]} 28. Qa4 {[%emt 0:03:35]} Qb5 {[%emt 0:01:15]} 29. Qxb5+ {[%emt 0:02:14]} axb5 {[%emt 0:00:02]} 30. Bd4 {[%emt 0:00:57]} Kb7 {[%emt 0:00:50]} 31. Kb2 {[%emt 0:00:35]} h4 {[%emt 0:03:06]} 32. Ra1 {[%emt 0:03:57]} Rd6 {[%emt 0:01:11]} 33. Rc1 {[%emt 0:03:32]} Rg6 {[%emt 0:00:51]} 34. Be5 {[%emt 0:00:31]} c6 {[%emt 0:00:21]} 35. f3 {[%emt 0:00:49]} Bg5 {[%emt 0:02:24]} 36. Bd4 {[%emt 0:01:01]} Re6 {[%emt 0:00:09]} 37. Re1 {[%emt 0:00:09]} g6 {[%emt 0:05:03]} 38. Kc3 {[%emt 0:00:15]} Bf4 {[%emt 0:01:41]} 39. Ra2 {[%emt 0:00:54]} Bb8 {[%emt 0:03:34]} 40. a4 {[%emt 0:00:47]} Re8 {[%emt 0:00:54]} 41. Kd2 {[%emt 0:03:37]} Bd6 {[%emt 0:00:21]} 42. Bc5 {[%emt 0:00:43]} Bg3 {[%emt 0:01:20]} 43. Rea1 {[%emt 0:03:39]} Be5 {[%emt 0:00:06]} 44. Rb1 {[%emt 0:03:16]} Ra8 {[%emt 0:00:28]} 45. a5 {[%emt 0:03:29]} Ka6 {[%emt 0:00:10]} 46. Re1 {[%emt 0:01:09]} Re8 {[%emt 0:00:17]} 47. Ra3 {[%emt 0:00:24]} Re6 {[%emt 0:01:05]} 48. Rb3 {[%emt 0:01:06]} Bf6 {[%emt 0:01:36]} 49. Rbb1 {[%emt 0:00:40]} Bg7 {[%emt 0:00:21]} 50. Rf1 {[%emt 0:00:19]} Bh6 {[%emt 0:00:37]} 51. Rbe1 {[%emt 0:00:09]} Bg5 {[%emt 0:00:19]} 52. Kc3 {[%emt 0:00:08]} Bf6+ {[%emt 0:00:24]} 53. Bd4 {[%emt 0:00:10]} Be7 {[%emt 0:00:21]} 54. Rb1 {[%emt 0:02:51]} Bg5 {[%emt 0:00:26]} 55. Kd2 {[%emt 0:00:08]} Be7 {[%emt 0:00:12]} 56. Rfc1 {[%emt 0:00:28]} Bf8 {[%emt 0:00:23]} 57. Rb3 {[%emt 0:01:52]} Be7 {[%emt 0:00:11]} 58. Kd1 {[%emt 0:00:11]} Kb7 {[%emt 0:01:14]} 59. Rbc3 {[%emt 0:01:24]} Bxb4 {[%emt 0:00:18]} 60. a6+ {[%emt 0:00:04]} Kxa6 {[%emt 0:00:19]} 61. Rxc6+ {[%emt 0:00:04]} Rxc6 {[%emt 0:00:18]} 62. Rxc6+ {[%emt 0:00:04]} Ka5 {[%emt 0:00:45]} 63. Rc7 {[%emt 0:00:06]} Ka4 {[%emt 0:00:23]} 64. Bb2 {[%emt 0:06:09]} d2 {[%emt 0:03:52]} 65. Bc3 {[%emt 0:00:08]} Bxc3 {[%emt 0:00:13]} 66. Rxc3 {[%emt 0:00:03]} b4 {[%emt 0:00:04]} 67. Rc7 {[%emt 0:00:17]} b3 {[%emt 0:00:45]} 68. Ra7+ {[%emt 0:00:07]} Kb4 {[%emt 0:00:09]} 69. Kxd2 {[%emt 0:00:11]} b2 {[%emt 0:00:17]} 70. Rb7+ {[%emt 0:00:02]} Ka3 {[%emt 0:00:05]} 71. Kc3 {[%emt 0:00:06]} b1=N+ {[%emt 0:00:17]} 72. Kd4 {[%emt 0:00:07]} Nd2 {[%emt 0:02:39]} 73. Rxf7 {[%emt 0:00:44]} Kb2 {[%emt 0:00:36]} 74. Kxd5 {[%emt 0:01:34]} Bd3 {[%emt 0:00:15]} 75. Rf4 {[%emt 0:00:58]} Nf1 {[%emt 0:00:49]} 76. Kd4 {[%emt 0:00:29]} Kc2 {[%emt 0:00:21]} 77. Rxh4 {[%emt 0:00:50]} Kd2 {[%emt 0:00:07]} 78. e4 {[%emt 0:00:48]} Ne3 {[%emt 0:00:32]} 79. g4 {[%emt 0:01:11]} Nc2+ {[%emt 0:00:52]} 80. Ke5 {[%emt 0:00:16]} Ke3 {[%emt 0:00:07]} 81. Rh6 {[%emt 0:01:24]} Ne1 {[%emt 0:00:39]} 82. Kf6 {[%emt 0:00:57]} Nxf3 {[%emt 0:00:52]} 83. e5 {[%emt 0:00:03]} Kf4 {[%emt 0:00:26]} 84. e6 {[%emt 0:00:25]} g5 {[%emt 0:00:22]} 85. e7 {[%emt 0:00:04]} Bb5 {[%emt 0:00:05]} 86. Rh8 {[%emt 0:00:21]} Ng1 {[%emt 0:01:02]} 87. h4 {[%emt 0:00:26]} gxh4 {[%emt 0:00:22]} 88. g5 {[%emt 0:00:04]} Nf3 {[%emt 0:00:47]} 89. g6 {[%emt 0:00:12]} 1-0

[Event "Saint Louis Invitational-B 2019"]
[Site "Saint Louis"]
[Date "2019.11.24"]
[Round "7.5"]
[White "Cervantes Landeiro, Thalia"]
[Black "Krykun, Yuriy"]
[Result "1/2-1/2"]
[WhiteElo "2227"]
[BlackElo "2382"]
[Annotator "TA"]
[PlyCount "117"]
[EventDate "2019.11.21"]
[EventType "tourn"]
[EventCountry "USA"]
[SourceTitle "playchess.com"]
[Source "ChessBase"]
[SourceQuality "1"]

{[%evp 20,117,17,22,45,39,44,41,44,48,54,54,46,26,29,34,34,24,30,29,29,29,24,21,15,0,7,-21,0,0,0,0,14,0,0,0,22,0,0,0,0,0,0,0,9,9,9,9,9,2,16,16,16,9,9,9,9,9,9,0,0,0,0,0,0,0,0,0,0,0,0,0,0,0,0,0,0,0,0,0,0,0,0,0,0,0,0,0,0,0,0,0,0,0,0,0,0,0,0,0]} 1. d4 Nf6 2. c4 e6 3. Nc3 Bb4 4. e3 b6 5. Nge2 Ne4 6. Qc2 Bb7 7. a3 Bxc3+ 8. Nxc3 Nxc3 9. Qxc3 O-O 10. b4 d6 11. Bb2 Nd7 {E44: Nimzo-Indian: Rubinstein: 4...b6 5 Ne2} (11... Qf6 12. Rd1 a5 13. f3 axb4 14. axb4 Nd7 15. Be2 Qh4+ 16. g3 Qh3 17. Kf2 f5 18. d5 e5 19. Bf1 {0-1 (32) Tregubov,P (2575)-Moiseenko,A (2667) Riadh 2017}) 12. d5 {[%csl Gb2][%cal Rc3g7] [#]} e5 13. Be2 a5 {White is slightly better.} 14. O-O f5 15. f4 Qe7 $146 ({Predecessor:} 15... Qf6 16. Bf3 e4 17. Qd2 Qf7 18. Be2 axb4 19. axb4 {1-0 (32) Mancini,M (2301)-Cossin,S (2230) France 2002}) 16. fxe5 Nxe5 17. Qd4 Bc8 18. c5 (18. Bc3 {feels hotter.} Ng4 19. Bxg4 axb4 20. axb4 Rxa1 21. Bxa1 fxg4 22. Rxf8+ Qxf8 23. e4) 18... bxc5 19. bxc5 Ba6 20. cxd6 cxd6 21. Bxa6 Rxa6 {The position is equal.} 22. a4 Raa8 23. Ba3 Rac8 24. Rac1 Qd7 25. h3 h6 26. Rc3 Rxc3 27. Qxc3 Qd8 28. Rc1 Kh7 29. Qc7 Qg5 30. Bxd6 Qxe3+ 31. Kh1 Rf7 32. Qc5 Qe4 {[#] aiming for ...Nd3.} 33. Bxe5 Qxe5 34. d6 Qxc5 35. Rxc5 $11 {[%mdl 4096] Endgame KR-KR} Rd7 $1 36. Rxa5 {Rd5 is the strong threat.} Rxd6 37. Rxf5 Rd1+ 38. Kh2 {White wants to play Ra5.} Ra1 39. Rf4 g5 40. Rb4 Ra3 41. Rb7+ Kg6 42. Rb6+ Kg7 43. Rb4 Kg6 44. h4 gxh4 45. Rxh4 h5 46. Rb4 Kg5 47. Rb5+ Kg4 48. Rb4+ Kg5 49. g3 Ra1 50. Kg2 Kf5 51. Rh4 Kg5 52. Rf4 Ra2+ 53. Kh3 Ra1 54. Rd4 Rh1+ 55. Kg2 Ra1 56. Rd5+ Kg4 57. Rd4+ Kg5 58. Rd5+ Kg4 59. Rd4+ {Accuracy: White = 50%, Black = 80%.} 1/2-1/2

[Event "Saint Louis Invitational-B 2019"]
[Site "Saint Louis"]
[Date "2019.11.25"]
[Round "8.1"]
[White "Proleiko, Julian"]
[Black "Krykun, Yuriy"]
[Result "1-0"]
[WhiteElo "2170"]
[BlackElo "2382"]
[Annotator "TA"]
[PlyCount "101"]
[EventDate "2019.11.21"]
[EventType "tourn"]
[EventCountry "USA"]
[SourceTitle "playchess.com"]
[Source "ChessBase"]
[SourceQuality "1"]

{[%evp 15,101,19,38,39,26,29,34,42,27,29,27,35,41,38,30,39,33,18,100,109,105,103,120,123,126,119,128,106,115,108,106,99,151,151,156,150,127,91,87,83,83,83,102,93,104,71,71,71,65,68,154,146,161,162,161,130,143,148,150,126,158,151,167,125,137,115,115,111,112,110,110,93,85,85,142,130,146,154,159,134,114,112,193,189,215,195,240,235]} 1. e4 e5 2. Nc3 Nf6 3. g3 d5 4. exd5 Nxd5 5. Bg2 Nxc3 6. bxc3 Bd6 7. Nf3 O-O 8. O-O Nd7 {[%cal Bb8d7,Bd7f6,Bf6e4][%mdl 32]} 9. Re1 {C26: Vienna Game: 2...Nf6, sidelines} (9. d4 exd4 10. cxd4 Nb6 11. Re1 h6 12. Qd3 Qf6 13. c4 c5 14. Bb2 Na4 15. dxc5 Nxb2 16. Qxd6 Be6 {1-0 (58) Adhiban,B (2627)-Grigoriants,S (2594) Benasque 2015}) 9... Re8 10. d4 exd4 11. Rxe8+ {White is slightly better.} Qxe8 12. cxd4 Nf6 13. Bg5 Ne4 14. Be3 $146 ({Predecessor:} 14. Qd3 f5 15. Be3 c6 16. Rb1 b6 {1-0 (48) Lanin,B-Steveson,B (2025) ICCF email 2005}) 14... c6 15. Qd3 Nf6 16. Bg5 Be6 {[#]} (16... Qd8 $11 {remains equal.}) 17. Bxf6 $1 $16 gxf6 18. Nh4 Rd8 19. Be4 h6 20. Re1 Bf8 21. c3 Qd7 22. Bh7+ Kh8 23. Bf5 c5 (23... Re8 $142 24. Re3 Bxf5 25. Nxf5 (25. Qxf5 Qxf5 26. Nxf5 Rd8 $16) 25... b5) 24. Bxe6 fxe6 25. Ng6+ Kg8 {[%cal Rc5d4]} 26. Nf4 e5 27. Qg6+ Qg7 28. dxe5 {Threatens to win with Qf5.} fxe5 29. Qe6+ Qf7 30. Qg4+ (30. Rxe5 {feels hotter.} Qxe6 31. Nxe6 Re8 32. f4 Bd6 33. Re1) 30... Qg7 31. Qxg7+ Bxg7 {[%mdl 4096] Endgame KRB-KRN} 32. Ne6 $1 {[%csl LRc5,LRd8]} Re8 ({Black should try} 32... Rd3 $14) 33. Nxc5 b6 34. Ne4 Rc8 35. Rb1 Rc7 36. Kf1 Kf7 37. Ke2 Ke6 38. f3 Bf8 39. Kd3 Rf7 40. Rf1 b5 41. Ke3 Rc7 42. Rb1 a6 43. a4 bxa4 44. Rb6+ {[%mdl 64] [#] Double Attack} Kf7 (44... Kd7 $142) 45. Rf6+ Kg7 46. Rxa6 a3 47. Kd3 Rf7 48. Nd2 Be7 (48... Bc5 $16 49. Ra5 Bg1) 49. Ke4 $18 {White is clearly better.} Rf6 50. Ra7 Kf8 51. Nc4 {Accuracy: White = 66%, Black = 50%.} 1-0

[Event "Saint Louis Invitational-B 2019"]
[Site "Saint Louis"]
[Date "2019.11.25"]
[Round "8.2"]
[White "Kiewra, Keaton"]
[Black "Cervantes Landeiro, Thalia"]
[Result "1-0"]
[WhiteElo "2372"]
[BlackElo "2227"]
[Annotator "TA"]
[PlyCount "77"]
[EventDate "2019.11.21"]
[EventType "tourn"]
[EventCountry "USA"]
[SourceTitle "playchess.com"]
[Source "ChessBase"]
[SourceQuality "1"]

{[%evp 9,77,8,13,8,6,8,12,7,9,14,19,13,15,15,15,29,22,0,53,29,69,0,0,0,-1,0,0,0,-1,0,0,0,-5,-98,-88,-87,-4,-127,0,0,0,0,8,8,8,8,10,0,0,0,0,0,0,-34,-12,-14,-11,-41,155,177,379,372,29979,29979,29992,29990,29993,29994,29997,680]} 1. c4 e5 2. Nc3 Nc6 3. Nf3 Nf6 4. e4 Bb4 5. d3 d6 6. a3 {A28: English Opening: Four Knights Variation} (6. Be2 Bg4 7. a3 Bc5 8. b4 Bb6 9. Be3 Bxf3 10. Bxf3 Nd4 11. Na4 Nxf3+ 12. Qxf3 Bxe3 13. Qxe3 O-O {½-½ (36) Carlsen,M (2882)-Giri,A (2779) Saint Louis 2019}) 6... Bxc3+ 7. bxc3 Nd7 8. g3 {The position is equal.} O-O 9. Bg2 a6 $146 ({Predecessor:} 9... Nb6 10. Nh4 Ne7 11. O-O Rb8 12. a4 Be6 13. a5 Nd7 {½-½ (100) Ibarra Jerez,J (2547)-Kantor,G (2519) Evora 2019}) 10. O-O Nc5 11. Nh4 b5 12. cxb5 axb5 13. Nf5 Ra4 ({Better is} 13... Na4 $11) 14. f4 Kh8 15. d4 (15. Rb1 $14) 15... exd4 $11 16. cxd4 Bxf5 17. dxc5 Bxe4 18. Bxe4 Rxe4 19. Qd5 Qe8 {Black wants to play ...Rd4.} 20. cxd6 cxd6 21. f5 (21. Bb2 $11 {keeps the balance.}) 21... f6 $1 $17 22. Bf4 Re2 ({Black should try} 22... Nd4 $17 23. Kh1 Nc2) 23. Rac1 (23. Rf2 $1 $11 Rxf2 24. Kxf2) 23... Ne7 (23... Ne5 $17 24. Bxe5 dxe5) 24. Qd3 $1 $11 {[%cal Rd3e2]} Qh5 {[%csl Ge2][%cal Rh5h2]} 25. h3 $1 Rb2 26. g4 Qf7 27. Rc7 {Hoping for Qe4.} Qd5 {( -> ...Qg2#)} 28. Qxd5 Nxd5 29. Bxd6 {And now Rc5 would win.} Re8 (29... Ra8 {seems wilder.} 30. Rb7 h6 31. Rd1 Nc3 32. Rd3 Rc8) 30. Rc5 $36 {[%mdl 2048] White has some pressure.} Nb6 31. Rc7 Nc4 32. Be7 Rb3 33. Kh2 Nxa3 $2 {[#]} (33... h5 $15 {keeps the upper hand.}) 34. g5 $1 $16 {[%cal Rg5f6]} Nc4 $2 (34... Rb2+ {might work better.} 35. Kg3 Nc4) 35. gxf6 $18 {f7 is the strong threat.} Kg8 $2 {[#]} (35... Nd2 $18) 36. Rg1 $1 {[%mdl 512] White mates.} Ra8 37. Rxg7+ Kh8 {[#]} 38. Ba3 $1 {[%mdl 512]} Nd6 (38... Raxa3 39. Rc8#) 39. Rxh7+ {Accuracy: White = 58%, Black = 27%.} 1-0

[Event "Saint Louis Invitational-B 2019"]
[Site "Saint Louis"]
[Date "2019.11.25"]
[Round "8.2"]
[White "Kiewra, Keaton"]
[Black "Cervantes, Thalia"]
[Result "1-0"]
[WhiteElo "2372"]
[BlackElo "2227"]
[Annotator "TA"]
[PlyCount "77"]
[EventDate "2019.11.21"]
[EventType "tourn"]
[EventCountry "USA"]
[SourceTitle "playchess.com"]
[Source "ChessBase"]
[SourceQuality "1"]

{[%evp 9,77,4,2,5,12,4,12,12,14,12,18,14,12,12,17,25,21,0,64,12,64,-2,-8,-10,-6,-6,-6,-6,-6,-6,-10,0,0,-98,-100,-91,-19,-121,0,-6,0,0,0,0,3,0,1,-4,-4,-4,-4,-4,-5,-33,-16,-14,0,-46,184,186,365,356,29984,29985,29992,29990,29993,29994,29997,29998]} 1. c4 e5 2. Nc3 Nc6 3. Nf3 Nf6 4. e4 Bb4 5. d3 d6 6. a3 {A28: English Opening: Four Knights Variation} Bxc3+ 7. bxc3 Nd7 8. g3 {The position is equal.} O-O 9. Bg2 a6 $146 ({Predecessor:} 9... Nc5 10. O-O f5 11. exf5 Bxf5 12. d4 Ne4 13. Nh4 Nxc3 {1-0 (58) Andreikin,D (2689)-Vallejo Pons,F (2698) Moscow 2011}) 10. O-O Nc5 11. Nh4 b5 12. cxb5 axb5 13. Nf5 Ra4 ({Better is} 13... Na4 $11) 14. f4 ({White should try} 14. Rb1 $14) 14... Kh8 (14... Ne7 $1 $11) 15. d4 (15. Ne3 $14) 15... exd4 $11 16. cxd4 Bxf5 17. dxc5 Bxe4 18. Bxe4 Rxe4 19. Qd5 Qe8 20. cxd6 cxd6 21. f5 (21. Bb2 $11) 21... f6 $17 22. Bf4 Re2 (22... Nd4 $17 23. Kh1 Nc2) 23. Rac1 (23. Rf2 $1 $11 {keeps the balance.} Re1+ 24. Rxe1 Qxe1+ 25. Rf1) 23... Ne7 (23... Ne5 $17 {Strongly threatening ...Qh5!} 24. Bxe5 dxe5) 24. Qd3 $1 $11 {[%cal Rd3e2]} Qh5 {[%csl Ge2][%cal Rh5h2]} 25. h3 $1 {And now g4 would win.} Rb2 26. g4 Qf7 27. Rc7 Qd5 $132 {[%mdl 2048] ( -> ...Qg2#). Black is not keeping still} 28. Qxd5 Nxd5 29. Bxd6 {Threatens to win with Rc5.} Re8 30. Rc5 Nb6 31. Rc7 Nc4 32. Be7 Rb3 33. Kh2 Nxa3 $2 {[#]} (33... h5 $15 {keeps the upper hand.}) 34. g5 $1 $18 {[%cal Rg5f6]} Nc4 $2 (34... Rb2+ 35. Kh1 Rb1 36. Rxb1 Nxb1) 35. gxf6 {Black must now prevent f7.} Kg8 $2 {[#]} (35... Nd2 $18) 36. Rg1 $1 {[%mdl 512] White mates.} Ra8 37. Rxg7+ Kh8 {[#]} 38. Ba3 $1 {[%mdl 512]} Nd6 (38... Raxa3 39. Rc8#) 39. Rxh7+ {Accuracy: White = 52%, Black = 32%.} 1-0

[Event "Saint Louis Invitational-B 2019"]
[Site "Saint Louis"]
[Date "2019.11.25"]
[Round "8.3"]
[White "Torres, Luis"]
[Black "Grabinsky, Aaron"]
[Result "1/2-1/2"]
[WhiteElo "2360"]
[BlackElo "2338"]
[Annotator "TA"]
[PlyCount "87"]
[EventDate "2019.11.21"]
[EventType "tourn"]
[EventCountry "USA"]
[SourceTitle "playchess.com"]
[Source "ChessBase"]
[SourceQuality "1"]

{[%evp 13,87,10,7,-11,31,33,34,36,41,31,38,0,0,0,11,0,31,-10,-9,-8,30,30,22,25,30,28,35,35,25,0,0,0,0,-39,0,-34,-32,-33,-20,-33,-19,-17,-12,-27,0,-58,0,-53,0,-5,-18,-66,-73,-83,-67,-74,-4,-27,-18,-85,-86,-72,-37,-43,0,0,0,0,0,0,0,0,7,13,47,0]} 1. d4 e6 2. Nf3 b6 3. c4 Nf6 4. Bf4 Bb7 5. e3 Be7 6. Nc3 Nh5 7. Bg3 d6 8. d5 {E12: Queen's Indian: Unusual White 4th moves, 4 a3, 4 Nc3 Bb7 5 a3 and 4 Nc3 Bb7} e5 9. Nd2 g6 10. Be2 Ng7 11. Qc2 $146 ({Predecessor:} 11. b4 O-O 12. Nb3 Nd7 13. f3 Bh4 14. Bxh4 Qxh4+ 15. g3 Qe7 {1-0 (44) Ponomariov,R (2687)-Michalik,P (2549) Czech Republic 2018}) 11... Nf5 12. Nde4 Nd7 13. O-O-O a5 14. Kb1 O-O 15. Bd3 (15. h4 $5) 15... Bc8 16. Qe2 Ng7 {[#] And now ...f5 would win.} 17. f3 f5 18. Nd2 $1 Nc5 19. Bc2 Bf6 20. e4 Bh4 21. Bxh4 (21. Qe1 {keeps more tension.} Bf6 22. Bf2 Bd7 23. a3 a4 24. g3) 21... Qxh4 22. g3 Qe7 23. Nf1 Bd7 24. b3 Rf7 25. Ne3 Raf8 26. Rdf1 fxe4 27. fxe4 Bh3 28. Rxf7 Qxf7 (28... Rxf7 {feels hotter.} 29. Ncd1 Ne8 30. a3 Nf6 31. Nf2 Bd7) 29. Ncd1 (29. a3 $11) 29... h5 (29... Ne8 $15) 30. Rg1 (30. a3 $11) 30... Kh7 ({Black should try} 30... Ne8 $15) 31. Kc1 Ne8 32. Kd2 Nf6 33. Nf2 Bd7 34. Rf1 Qg7 (34... Qe8 $17) 35. Kc3 c6 36. a3 (36. Kb2 $11 {remains equal.}) 36... cxd5 $17 37. cxd5 Qh6 38. Kb2 Bc8 39. b4 Ba6 40. Nc4 {[%mdl 64] [#] Double Attack} Ncd7 41. Bd3 Bxc4 42. Bxc4 axb4 43. axb4 Kg7 44. Bb5 {Accuracy: White = 45%, Black = 50%.} 1/2-1/2